El Papel del mar y de las costas en el Panamá pre-hispánico y del periodo de contacto: redes locales y relaciones externas /

Desde 500 años A.C., habían en el istmo aldeas autosuficientes desde el punto de vista económico. Es posible que, el intercambio de oro haya propiciado contactos sociales con la América Central meidional. Otros atículos, como las conchas marinas, también pudieron ampliar estas relaciones sociales de...

Повний опис

Збережено в:
Бібліографічні деталі
Автор: Cooke, Richard
Інші автори: Sánchez, Luis Alberto
Формат: Текст
Предмети:
Теги: Додати тег
Немає тегів, Будьте першим, хто поставить тег для цього запису!

MARC

LEADER 00000 a a2200000 04500
001 15641
003
040
100 |a Cooke, Richard  
245 |a El Papel del mar y de las costas en el Panamá pre-hispánico y del periodo de contacto:   |b redes locales y relaciones externas /  |c Richard Cooke 
520 |a Desde 500 años A.C., habían en el istmo aldeas autosuficientes desde el punto de vista económico. Es posible que, el intercambio de oro haya propiciado contactos sociales con la América Central meidional. Otros atículos, como las conchas marinas, también pudieron ampliar estas relaciones sociales del litoral e islas del Pacífico panameño. La información documental del período de contacto, señala al Caribe como una zona de intenso comercio donde el oro y el cacao eran canjeados desde Panamá hasta Mesoamérica  
650 |a TRAFICO MARITIMO  
650 |a HISTORIA  
650 |a CUESTIONES MARITIMAS  
700 |a Sánchez, Luis Alberto  
773 |g número 43; páginas 15-60  
999 |c 25915  |d 25915